| 000 | 01542cam a22003011i 4500 | ||
|---|---|---|---|
| 003 | SA-RiAUC | ||
| 005 | 20250911051133.0 | ||
| 008 | 250911s2003 le g 00000 ara c | ||
| 040 |
_aSA-RiIMS _bara _cSA-RiAUC _erda |
||
| 082 | 0 | 4 | _a258.1 |
| 090 |
_a258.1 _bر ا ف |
||
| 100 | 1 |
_aالرافعي، عبد القادر بن مصطفى بن عبد القادر، _d1248-1323 هجري _eمؤلف. |
|
| 245 | 1 | 0 |
_aتقريرات الرافعي على رد المحتار على الدر المختار شرح تنوير الأبصار / _cعبد القادر بن مصطفى بن عبد القادر الرافعي. |
| 250 | _aالطبعة الأولى. | ||
| 264 | 1 |
_aبيروت : _bدار الكتب العلمية، _c1998. |
|
| 300 |
_aمجلد ؛ _c28 سم |
||
| 336 |
_aنص _btxt _2rdacontent _3كتاب |
||
| 337 |
_aبدون وسيط _bn _2rdamedia |
||
| 338 |
_aمجلد _bnc _2rdacarrier |
||
| 650 | 7 |
_aالفقه الحنفي _2aucsh |
|
| 700 | 1 | 2 |
_aابن عابدين، محمد أمين بن عمر، _d1198-1252 هجري |
| 740 | 0 | 2 | _aحاشية ابن عابدين، المسماة، رد المحتار على الدر المختار. |
| 740 | 0 | 2 | _aرد المحتار على الدر المختار. |
| 740 | 2 | 2 | _aالدر المختار : شرح تنوير الأبصار في فقه مذهب الإمام أبي حنيفة النعمان. |
| 740 | 0 | 2 | _aتنوير الأبصار في فقه مذهب الإمام أبي حنيفة النعمان. |
| 942 |
_2ddc _cBOOK |
||
| 949 |
_aSA-JeALM _d250911 _ukhaled123 _n1 |
||
| 999 |
_c11598 _d11598 |
||